| 000 -LEADER |
| fixed length control field |
00839nam a22002177a 4500 |
| 001 - CONTROL NUMBER |
| control field |
22757 |
| 003 - CONTROL NUMBER IDENTIFIER |
| control field |
BD-DhUAP |
| 005 - DATE AND TIME OF LATEST TRANSACTION |
| control field |
20250708181312.0 |
| 008 - FIXED-LENGTH DATA ELEMENTS--GENERAL INFORMATION |
| fixed length control field |
250708b2022 bg |||| |||| 000 0 ben d |
| 020 ## - INTERNATIONAL STANDARD BOOK NUMBER |
| International Standard Book Number |
9789844583863 |
| 040 ## - CATALOGING SOURCE |
| Original cataloging agency |
BD-DhUAP |
| Language of cataloging |
ben |
| Transcribing agency |
BD-DhUAP |
| Modifying agency |
BD-DhUAP |
| 082 ## - DEWEY DECIMAL CLASSIFICATION NUMBER |
| Edition number |
22 |
| Classification number |
101 RAS |
| 100 ## - MAIN ENTRY--PERSONAL NAME |
| Personal name |
রাসেল, বার্ট্রান্ড। |
| 245 ## - TITLE STATEMENT |
| Title |
দর্শনায়ন কৌশল / |
| Statement of responsibility, etc. |
বার্ট্রান্ড রাসেল। |
| 250 ## - EDITION STATEMENT |
| Edition statement |
১ম সংস্করন। |
| 260 ## - PUBLICATION, DISTRIBUTION, ETC. |
| Place of publication, distribution, etc. |
ঢাকা ; |
| Name of publisher, distributor, etc. |
সময় প্রকাশন, |
| Date of publication, distribution, etc. |
২০২২। |
| 300 ## - PHYSICAL DESCRIPTION |
| Extent |
১১১ পৃষ্ঠা ; |
| Dimensions |
১৯ সেঃমিঃ। |
| 650 ## - SUBJECT ADDED ENTRY--TOPICAL TERM |
| Topical term or geographic name entry element |
Philosophy |
| Form subdivision |
Epistemology |
| 700 ## - ADDED ENTRY--PERSONAL NAME |
| Personal name |
আমিনুল ইসলাম ভুইয়া। |
| Relator term |
অনুবাদক। |
| 942 ## - ADDED ENTRY ELEMENTS (KOHA) |
| Source of classification or shelving scheme |
|
| Koha item type |
Book |